| 000 | 00706cam a2200217 a 4500 | ||
|---|---|---|---|
| 001 | 000014419 | ||
| 005 | 20200929163841.0 | ||
| 008 | 720114s1967 maua b 000 0 eng | ||
| 040 |
_aDO-SdBNP _beng _cLC _dBNPHU |
||
| 050 | 0 | 0 |
_aJK1726 _b.R48 |
| 082 |
_a320.00973 _bR485p |
||
| 100 | 1 |
_aRibicoff, Abraham, _d1910- _932539 |
|
| 245 | 1 | 0 |
_aPolitics: the American way / _cAbraham Ribicoff y Jon O. Newman. |
| 260 |
_aBoston : _bAllyn and Bacon, _c1967. |
||
| 300 |
_avii, 160 p. : _bil. ; _c22 cm. |
||
| 504 | _aBibliografía: p. 149-150. | ||
| 651 | 4 |
_aEstados Unidos _xPolítica Y Gobierno _95436 |
|
| 700 | 1 |
_aNewman, Jon O. _q(Jon Ormond) _932540 |
|
| 910 | _aCatalogación por copia / LC | ||
| 049 | _aBNGR | ||
| 999 |
_c14010 _d14010 |
||